Library of the University of Algiers 3
Ibrahim Sultan Cheibout
شعار جامعة الجزائر 3
مكتبة جامعة الجزائر 3
إبراهيم سلطان شيبوط

Microeconomics 1 : (رقم التسجيلة. 41506)

تفاصيل مارك
000 -LEADER
fixed length control field 00940nam a2200217Ia 4500
003 - CONTROL NUMBER IDENTIFIER
control field Ost
005 - DATE AND TIME OF LATEST TRANSACTION
control field 20260426125804.0
008 - FIXED-LENGTH DATA ELEMENTS--GENERAL INFORMATION
fixed length control field 260426s9999||||xx |||||||||||||| ||und||
040 ## - CATALOGING SOURCE
Transcribing agency fsecg
041 ## - LANGUAGE CODE
Language code of text/sound track or separate title eng
082 ## - DEWEY DECIMAL CLASSIFICATION NUMBER
Classification number 338.5
100 ## - MAIN ENTRY--PERSONAL NAME
Personal name Yakouben , Saliha
Relator term Author
245 #0 - TITLE STATEMENT
Title Microeconomics 1 :
Remainder of title lectures and exercises /
Statement of responsibility, etc. Saliha Yakouben
260 ## - PUBLICATION, DISTRIBUTION, ETC.
Place of publication, distribution, etc. Algiers :
Name of publisher, distributor, etc. University of Algiers 3 Faculty of Economics Commercial Sciences and Management,
Date of publication, distribution, etc. 2025
300 ## - PHYSICAL DESCRIPTION
Extent 142 paper,
Dimensions 12 cm
504 ## - BIBLIOGRAPHY, ETC. NOTE
Bibliography, etc. note Refferences paper 143
520 ## - SUMMARY, ETC.
Summary, etc. Introduction to microeconomics,demand, supply and market equilibrium, elasticity analysis , applications on supply and demand : government intervention ,consumer behavior theory ,theory of producer behavior ,costs analysis .
653 ## - INDEX TERM--UNCONTROLLED
Uncontrolled term Microeconomics
710 ## - ADDED ENTRY--CORPORATE NAME
Corporate name or jurisdiction name as entry element University of Algiers 3 Faculty of Economics Commercial Sciences and Management
Relator term Scientific publisher
942 ## - ADDED ENTRY ELEMENTS (KOHA)
Koha item type مطبوعات
المقتنيات
Withdrawn status Lost status Source of classification or shelving scheme Damaged status Not for loan Home library Current library Date acquired Serial enumeration / chronology Inventory number Total checkouts Full call number Barcode Date last seen Price effective from Koha item type
    Dewey Decimal Classification   NOT LOAN / إعارة داخلية مكتبة كلية العلوم الإقتصادية والعلوم التجارية وعلوم التسيير مكتبة كلية العلوم الإقتصادية والعلوم التجارية وعلوم التسيير 26/04/2026 Second floor Po.965/1-1   Po.965/1 exp1 Po.965/1-1 26/04/2026 26/04/2026 مطبوعات

موارد الويب المفتوحة


© University of Algiers 3 All Rights Reserved
|
Implemented by LECHELAH Riad